Hand book to the Ferns of British India (Record no. 136083)

MARC details
000 -LEADER
fixed length control field 00525nam a22001817a 4500
003 - CONTROL NUMBER IDENTIFIER
control field OSt
005 - DATE AND TIME OF LATEST TRANSACTION
control field 20240704122429.0
008 - FIXED-LENGTH DATA ELEMENTS--GENERAL INFORMATION
fixed length control field 240704b |||||||| |||| 00| 0 eng d
020 ## - INTERNATIONAL STANDARD BOOK NUMBER
International Standard Book Number 978-81-212-8352-6
040 ## - CATALOGING SOURCE
Transcribing agency SBCL
082 ## - DEWEY DECIMAL CLASSIFICATION NUMBER
Classification number 582.13
Item number BED-F
100 ## - MAIN ENTRY--PERSONAL NAME
Personal name Beddome,RH
245 ## - TITLE STATEMENT
Title Hand book to the Ferns of British India
260 ## - PUBLICATION, DISTRIBUTION, ETC.
Place of publication, distribution, etc. India
Name of publisher, distributor, etc. Gyan publishing house
Date of publication, distribution, etc. 2023
300 ## - PHYSICAL DESCRIPTION
Extent 500p.
650 ## - SUBJECT ADDED ENTRY--TOPICAL TERM
Topical term or geographic name entry element Plants (Botany)
942 ## - ADDED ENTRY ELEMENTS (KOHA)
Koha item type BOOK
650 ## - SUBJECT ADDED ENTRY--TOPICAL TERM
Source of heading or term Natural sciences & mathematics
Form subdivision Plants noted for characteristics & flowers
Holdings
Withdrawn status Lost status Source of classification or shelving scheme Damaged status Not for loan Home library Current library Date acquired Cost, normal purchase price Total Checkouts Full call number Barcode Shelving location Date last seen Price effective from Koha item type
    Dewey Decimal Classification     SB LIBRARY SB LIBRARY 04/07/2024 1250.00   582.13 BED-F 14954 GENERAL STACK 04/07/2024 04/07/2024 BOOK

Powered by Koha